000 00703cab a2200229 4500
001 ABS48776
008 090401t1993 xxu||||| |||| 00| 0 eng d
035 _a(Sirsi) u68503
041 _aeng
110 _aBeard Dove
_9558
245 _aEconomic report: dealing with deficit
260 _c1993
350 _a0
490 _aNew Builder
_v(179) 18 June 1993, 16-17(2)
520 _aThis quarterly report includes historic and projected tender costs for civil engineering and general construction economic data.
650 _aCIVIL ENGINEERING SECTOR
650 _aSTATISTICS
650 _aTENDER PRICES
690 _aBUILDING AND CONSTRUCTION-ECONOMICS
942 _n0
948 _c04/03/1997
999 _c42980
_d42980